LOGOS - Statistics

General Stats
  • This quiz has been taken 93 times
  • The average score is 9 of 12
Answer Stats
Picture Answer % Correct
BMW
98%
MCDONALDS
98%
TOYOTA
98%
APPLE
91%
COCA-COLA
89%
FORD
89%
NETFLIX
89%
TWITTER
89%
DUNKIN' DONUT
87%
VOLKSWAGEN
67%
EXPLORER
53%
GRAPHICS
2%
No matching quizzes found
Score Distribution
Percent of People with Each Score
Percentile by Number Answered
Your Score History
You have not taken this quiz